000 00370nam a2200145Ia 4500
008 230917s9999||||xx |||||||||||||| ||und||
040 _e154734
_aMAIN
041 _aEnglish
082 _aB N315J
100 _aNehru
245 0 _aJawaharlal nehru fellowship 1967-1978
260 _aNew Delhi
_bJawaharlal Nehru Memorial fund
_c1979
300 _a228p p.
942 _cBK
999 _c213054
_d213054